[Event "14th EUR-ch"]
[Site "Legnica POL"]
[Date "2013.05.07"]
[Round "3"]
[White "Can, Emre"]
[Black "Chudinovskikh, Alexander"]
[Result "1/2-1/2"]
[WhiteElo "2471"]
[BlackElo "2296"]
[EventDate "2013.05.05"]
[PlyCount "116"]

1.Nf3 Nf6 2.c4 c5 3.Nc3 Nc6 4.g3 e5 5.Bg2 d6 6.d3 Be7 7.a3 O-O 8.O-O h6 9.
Rb1 a5 10.Nd2 Be6 11.Nd5 a4 12.e3 Ra6 13.Nxf6+ Bxf6 14.Ne4 Be7 15.Nc3 Qa8 
16.f4 f5 17.b4 axb3 18.Qxb3 Na5 19.Qb5 e4 20.Nd5 Bxd5 21.cxd5 exd3 22.Qxd3
c4 23.Qc2 Nb3 24.Bb2 b5 25.g4 Qa7 26.Kh1 fxg4 27.Qg6 Bf6 28.Be4 Bxb2 29.
Qh7+ Kf7 30.Rxb2 Qxe3 31.Bg6+ Kf6 32.Bf5 Qe8 33.Bb1 Qh5 34.Re2 Nc5 35.Re5 
dxe5 36.fxe5+ Kxe5 37.Rxf8 Rf6 38.Qxg7 Qg5 39.Qe7+ Ne6 40.Qxf6+ Qxf6 41.
Rxf6 Kxf6 42.dxe6 Kxe6 43.Kg2 Ke5 44.Kg3 Kd4 45.Bg6 Ke3 46.Kxg4 c3 47.Kh5 
Kd2 48.Kxh6 c2 49.Bxc2 Kxc2 50.h4 Kb3 51.h5 Kxa3 52.Kg7 b4 53.h6 b3 54.h7 
b2 55.h8=Q b1=Q 56.Qa8+ Kb2 57.Qb7+ Kc1 58.Qxb1+ Kxb1 1/2-1/2

[Event "14th EUR-ch"]
[Site "Legnica POL"]
[Date "2013.05.07"]
[Round "3"]
[White "Stachowiak, Kamil"]
[Black "Duman, Aydin"]
[Result "1-0"]
[WhiteElo "2468"]
[BlackElo "2265"]
[EventDate "2013.05.05"]
[PlyCount "85"]

1.d4 Nf6 2.Nf3 c5 3.d5 b5 4.Bg5 Qb6 5.Bxf6 Qxf6 6.c3 Qb6 7.e4 d6 8.a4 b4 
9.a5 Qc7 10.cxb4 cxb4 11.Nbd2 Nd7 12.Bb5 g6 13.e5 dxe5 14.O-O Bg7 15.Qa4 
a6 16.Bc6 Rb8 17.Rac1 O-O 18.Rfe1 Qa7 19.Qc2 Rd8 20.Nc4 f6 21.h4 Bh6 22.
Rcd1 Qc5 23.Qb3 Kg7 24.Nfd2 Bxd2 25.Rxd2 Nf8 26.Rc2 Bf5 27.Rcc1 Qd4 28.
Red1 Qxh4 29.Nb6 g5 30.g3 Qh5 31.Qxb4 Ng6 32.d6 Rxd6 33.Rxd6 exd6 34.Qxd6 
Rf8 35.Nc4 Rf7 36.Ne3 Bh3 37.Bd5 Rd7 38.Rc7 Rxc7 39.Qxc7+ Kh6 40.Bg8 g4 
41.Qxh7+ Kg5 42.Qxh5+ Kxh5 43.Bf7 1-0

[Event "14th EUR-ch"]
[Site "Legnica POL"]
[Date "2013.05.07"]
[Round "3"]
[White "Aghasarian, Robert"]
[Black "Tate, Alan"]
[Result "1-0"]
[WhiteElo "2445"]
[BlackElo "2264"]
[EventDate "2013.05.05"]
[PlyCount "119"]

1.d4 Nf6 2.c4 g6 3.Nc3 d5 4.Nf3 Bg7 5.Bg5 dxc4 6.e4 c5 7.d5 b5 8.d6 Bb7 9.
e5 Ne4 10.Nxe4 Bxe4 11.a4 a6 12.Bxe7 Qa5+ 13.Nd2 Bh6 14.f3 Bd5 15.Bf6 O-O 
16.axb5 Qb4 17.e6 Bxe6 18.Bc3 Qxb5 19.Ra5 Qe8 20.Rxc5 Nd7 21.Ne4 Be3 22.
Rc7 f5 23.Rxc4 fxe4 24.Rxe4 Bb6 25.Qe2 Nc5 26.Re5 Qf7 27.Rxc5 Bd5 28.Rxd5 
Qxd5 29.Qd3 Rfe8+ 30.Kd2 Qg5+ 31.Kc2 Qf5 32.Qxf5 gxf5 33.d7 Red8 34.Bc4+ 
Kf8 35.Rd1 Bc7 36.Rd5 Ke7 37.Bb4+ Kf6 38.Bc3+ Ke7 39.Rxf5 Rxd7 40.Rh5 Kd6 
41.Rh6+ Kc5 42.Bxa6 Bf4 43.b4+ Kd5 44.Rh5+ Kd6 45.b5 Be3 46.Kb3 Kc7 47.Re5
Bd2 48.Rc5+ Kb6 49.Rc6+ Ka7 50.Be5 Re8 51.f4 Rd5 52.Kc4 Rdxe5 53.fxe5 Rxe5
54.Rc7+ Kb6 55.Rb7+ Ka5 56.Rxh7 Rg5 57.g3 Be3 58.Kd3 Bg1 59.Ke4 Rc5 60.h4 
1-0

[Event "14th EUR-ch"]
[Site "Legnica POL"]
[Date "2013.05.07"]
[Round "3"]
[White "Papasimakopoulos, Alexandros"]
[Black "Khaetsky, Roman"]
[Result "0-1"]
[WhiteElo "2242"]
[BlackElo "2426"]
[EventDate "2013.05.05"]
[PlyCount "154"]

1.d4 f5 2.e4 fxe4 3.Nc3 Nf6 4.Bg5 Nc6 5.d5 Ne5 6.Qe2 c6 7.O-O-O cxd5 8.f4 
Nf7 9.Bxf6 gxf6 10.Rxd5 Bh6 11.Qxe4 e6 12.Rd1 f5 13.Qe3 O-O 14.Kb1 Qb6 15.
Qxb6 axb6 16.Nh3 d5 17.g4 d4 18.Nb5 fxg4 19.Rg1 Kh8 20.Nf2 Bxf4 21.Nxg4 e5
22.Bd3 Nh6 23.Nxh6 Bxh6 24.Nd6 Be6 25.Bc4 Rad8 26.Bxe6 Rxd6 27.Bc4 Bf4 28.
Rdf1 Rg6 29.Rxg6 hxg6 30.Bd3 g5 31.h3 Kg7 32.Be4 Rh8 33.Rh1 Rb8 34.c3 dxc3
35.bxc3 Rd8 36.Kb2 Rd2+ 37.Kb3 Re2 38.Bxb7 e4 39.Bc8 e3 40.Bg4 Rd2 41.Re1 
Kf6 42.Re2 Rd6 43.a4 Ke5 44.Ra2 Ke4 45.a5 bxa5 46.Rxa5 Kd3 47.Bf5+ Kd2 48.
Bg4 Rb6+ 49.Kc4 Rb2 50.Rd5+ Ke1 51.Rd4 Kf2 52.Kd5 Rb5+ 53.Kc6 Re5 54.Kd7 
Rc5 55.Ra4 Rxc3 56.Ra2+ Ke1 57.Ke6 Rc5 58.Kf6 Kf1 59.Kg6 Re5 60.Kh5 Bg3 
61.Ra1+ Be1 62.Ra2 Bh4 63.Be2+ Kf2 64.Kg4 Re4+ 65.Kh5 Rd4 66.Bd3+ Kg3 67.
Ra3 Kf3 68.Bb5 Kf2 69.Ra5 Rd5 70.Ra2+ Rd2 71.Ra8 e2 72.Rf8+ Kg2 73.Bxe2 
Rxe2 74.Rf6 Re3 75.Ra6 Kxh3 76.Re6 Rf3 77.Rf6 g4 0-1

[Event "14th EUR-ch"]
[Site "Legnica POL"]
[Date "2013.05.07"]
[Round "3"]
[White "Kolosowski, Mateusz"]
[Black "Goluch, Piotr"]
[Result "1-0"]
[WhiteElo "2421"]
[BlackElo "2215"]
[EventDate "2013.05.05"]
[PlyCount "139"]

1.d4 d6 2.Nf3 Nf6 3.c4 g6 4.g3 Bg7 5.Bg2 O-O 6.O-O Nbd7 7.Nc3 e5 8.e4 c6 
9.h3 Re8 10.d5 Nc5 11.Qc2 a5 12.Be3 cxd5 13.cxd5 Bd7 14.Nd2 b5 15.Bxc5 
dxc5 16.a4 b4 17.Nd1 Bh6 18.Nc4 Ra6 19.Nde3 Qc8 20.Kh2 Nh5 21.Rad1 Kh8 22.
d6 Bxe3 23.fxe3 f5 24.exf5 gxf5 25.Qe2 Ng7 26.b3 e4 27.Rf4 Rf8 28.Qb2 Be6 
29.Bf1 Ra7 30.Qe5 Re8 31.Qf6 Qd8 32.Qh6 Bg8 33.Rf2 Rf7 34.Qh4 Qxh4 35.gxh4
Ra7 36.d7 Rd8 37.Ne5 Bxb3 38.Rd6 Kg8 39.h5 h6 40.Bb5 Kh7 41.Rc6 Raxd7 42.
Nxd7 Rxd7 43.Rxc5 Ra7 44.Rd2 Be6 45.Rd6 b3 46.Rd2 Nxh5 47.Rb2 Rb7 48.Bc4 
Bxc4 49.Rxc4 Kg6 50.Rc6+ Kf7 51.Rc5 Ke6 52.Rxa5 Rb4 53.Rb5 Rxa4 54.R5xb3 
Nf6 55.Rb6+ Ke5 56.R6b5+ Ke6 57.Rc2 Nd5 58.Rc6+ Kd7 59.Rxh6 Nxe3 60.Rb7+ 
Kc8 61.Rf7 Rd4 62.Kg3 Rd7 63.Rxd7 Kxd7 64.Kf4 Ng2+ 65.Kxf5 e3 66.Re6 Nh4+ 
67.Kf6 Ng2 68.Kf7 Kc7 69.Ke8 Kc8 70.Re7 1-0

[Event "14th EUR-ch"]
[Site "Legnica POL"]
[Date "2013.05.07"]
[Round "3"]
[White "Huber, Martin Christian"]
[Black "Lubczynski, Rafal"]
[Result "0-1"]
[WhiteElo "2176"]
[BlackElo "2419"]
[EventDate "2013.05.05"]
[PlyCount "100"]

1.Nf3 b5 2.e4 a6 3.d4 Bb7 4.Bd3 d6 5.O-O Nd7 6.c3 e5 7.a4 c6 8.Re1 Ngf6 9.
Nbd2 g6 10.Nf1 Bg7 11.Bg5 h6 12.Be3 O-O 13.h3 Qc7 14.Qd2 Kh7 15.Ng3 Rfe8 
16.Bc2 c5 17.d5 c4 18.Nh2 Nc5 19.Ng4 Ng8 20.h4 Bc8 21.Qe2 Nxa4 22.Bxa4 
bxa4 23.h5 Bd7 24.Bc1 Rab8 25.Ne3 Rec8 26.Qf3 Nf6 27.Kh2 Rb3 28.Qe2 Qd8 
29.Kg1 Rb7 30.Qc2 Bb5 31.Rxa4 Bxa4 32.Qxa4 Qc7 33.hxg6+ fxg6 34.f3 Nd7 35.
Ngf1 h5 36.Nc2 a5 37.Na3 Bh6 38.Ne3 Qc5 39.Nxc4 Nb6 40.Nxb6 Qxb6 41.Re2 
Qb3 42.Qxb3 Rxb3 43.Rc2 a4 44.Nd1 a3 45.Bxh6 Kxh6 46.Kf2 a2 47.Rc1 Rcb8 
48.Ra1 Rxb2+ 49.Nxb2 Rxb2+ 50.Kg3 g5 0-1

[Event "14th EUR-ch"]
[Site "Legnica POL"]
[Date "2013.05.07"]
[Round "3"]
[White "Hagen, Andreas Skytte"]
[Black "Cherednichenko, Elena"]
[Result "1-0"]
[WhiteElo "2400"]
[BlackElo "2168"]
[EventDate "2013.05.05"]
[PlyCount "95"]

1.e4 e5 2.Nf3 Nc6 3.Bb5 g6 4.d4 exd4 5.Bg5 Be7 6.Bxe7 Qxe7 7.Bxc6 dxc6 8.
Qxd4 Nf6 9.Nc3 Bg4 10.Nd2 O-O 11.O-O c5 12.Qe3 Rfe8 13.f3 Bd7 14.Rfd1 Bc6 
15.Nc4 b6 16.Rd2 Rad8 17.Rad1 Rxd2 18.Qxd2 Nh5 19.Ne3 Nf6 20.a4 a5 21.b3 
Kg7 22.Ne2 Kg8 23.c4 Qe5 24.Nc3 Rb8 25.Qd3 Qe7 26.g3 Kg7 27.Kf2 Kg8 28.Ne2
Qe5 29.Qc3 Qxc3 30.Nxc3 Re8 31.g4 h6 32.h4 Kf8 33.Kg3 Nd7 34.g5 hxg5 35.
hxg5 f5 36.gxf6 Nxf6 37.Ncd5 Nh5+ 38.Kh4 Rc8 39.Kg5 Kf7 40.Ng4 Bxd5 41.
Rxd5 Ke6 42.Re5+ Kd6 43.Kxg6 Nf4+ 44.Kf5 Rf8+ 45.Nf6 c6 46.Re8 Rxe8 47.
Nxe8+ Ke7 48.Kxf4 1-0

[Event "14th EUR-ch"]
[Site "Legnica POL"]
[Date "2013.05.07"]
[Round "3"]
[White "Nedilko, Vasyl"]
[Black "Tomczak, Mikolaj"]
[Result "1-0"]
[WhiteElo "2396"]
[BlackElo "2002"]
[EventDate "2013.05.05"]
[PlyCount "85"]

1.d4 Nf6 2.c4 g6 3.Nc3 Bg7 4.g3 d6 5.Bg2 c6 6.e4 O-O 7.Nge2 e5 8.O-O Qc7 
9.h3 Nbd7 10.Be3 Re8 11.Qc2 Nf8 12.d5 N6d7 13.b4 a6 14.c5 dxc5 15.bxc5 
cxd5 16.exd5 Nxc5 17.Ne4 Nce6 18.Qd1 f5 19.Rc1 Qe7 20.dxe6 fxe4 21.Nc3 
Bxe6 22.Nd5 Qf7 23.Rc7 Nd7 24.Bxe4 Qf8 25.Rxb7 Bxh3 26.Nc7 Bxf1 27.Nxa8 
Nf6 28.Nc7 Bc4 29.Nxe8 Qxe8 30.Qb1 Qe6 31.Rb6 Qg4 32.Rb8+ Kf7 33.Qb7+ Qd7 
34.Qxd7+ Nxd7 35.Rb7 Bb5 36.Bd3 Ba4 37.Bxa6 Ke7 38.Bb5 Bxb5 39.Rxb5 Kd6 
40.a4 Kc6 41.Rb1 Bf8 42.a5 Nc5 43.a6 1-0

[Event "14th EUR-ch"]
[Site "Legnica POL"]
[Date "2013.05.07"]
[Round "3"]
[White "Xylogiannopoulos, Antonios"]
[Black "Manea, Alexandru"]
[Result "0-1"]
[WhiteElo "2147"]
[BlackElo "2389"]
[EventDate "2013.05.05"]
[PlyCount "54"]

1.e4 g6 2.d4 Bg7 3.Nc3 c6 4.Nf3 d6 5.h3 Nd7 6.a4 e5 7.dxe5 dxe5 8.Be3 Ngf6
9.Nd2 O-O 10.Nc4 Ne8 11.Bc5 Qf6 12.Bxf8 Bxf8 13.Be2 h5 14.O-O Nc5 15.Re1 
Ne6 16.Bf1 Bc5 17.Ne3 Qg5 18.Qf3 Nd4 19.Qd1 Bxh3 20.Kh1 Bg4 21.Qc1 Nf6 22.
Rb1 Rd8 23.b4 Nf3 24.Nf5 Rd2 25.bxc5 Bxf5 26.g3 Qxg3 27.fxg3 Rh2# 0-1

[Event "14th EUR-ch"]
[Site "Legnica POL"]
[Date "2013.05.07"]
[Round "3"]
[White "Sabuk, Piotr"]
[Black "Ekstroem, Roland"]
[Result "1-0"]
[WhiteElo "2206"]
[BlackElo "2461"]
[EventDate "2013.05.05"]
[PlyCount "45"]

1.d4 b6 2.e4 Bb7 3.Bd3 g6 4.Nf3 Bg7 5.O-O e6 6.Nbd2 Ne7 7.Re1 d6 8.c4 Nd7 
9.d5 Nc5 10.Bc2 c6 11.dxe6 Nxe6 12.Nf1 O-O 13.Ne3 Kh8 14.Nf5 d5 15.Nxe7 
Qxe7 16.exd5 cxd5 17.cxd5 Rad8 18.Bg5 Bf6 19.d6 Rxd6 20.Bxf6+ Qxf6 21.Qxd6
Bxf3 22.gxf3 Kg8 23.Bb3 1-0

[Event "14th EUR-ch"]
[Site "Legnica POL"]
[Date "2013.05.07"]
[Round "3"]
[White "Marjanovic, Dejan"]
[Black "Kantorik, Marian"]
[Result "1/2-1/2"]
[WhiteElo "2186"]
[BlackElo "2363"]
[EventDate "2013.05.05"]
[PlyCount "119"]

1.e4 e5 2.Nf3 Nc6 3.Nc3 Nf6 4.Bb5 Nd4 5.Bc4 Nxf3+ 6.gxf3 d6 7.d4 Be7 8.Rg1
g6 9.Bh6 c6 10.Qd2 exd4 11.Qxd4 Qb6 12.Qxb6 axb6 13.O-O-O b5 14.Bb3 Nd7 
15.Ne2 Nc5 16.Nd4 Be6 17.Bxe6 fxe6 18.a3 e5 19.Ne2 O-O-O 20.Be3 Rhf8 21.
Bxc5 dxc5 22.Rxd8+ Bxd8 23.Rg3 Bh4 24.Rh3 Bxf2 25.Rxh7 Be3+ 26.Kb1 Rxf3 
27.Ng3 Bf4 28.Rg7 Bxg3 29.hxg3 Rxg3 30.Kc1 Rg4 31.Kd2 Kb8 32.Ke3 Ka7 33.
Re7 Rg5 34.b3 Kb6 35.Kd3 c4+ 36.bxc4 Rg3+ 37.Kd2 bxc4 38.Rxe5 Rxa3 39.Rg5 
Rh3 40.Rxg6 c3+ 41.Ke2 Kc5 42.e5 Kd4 43.e6 Re3+ 44.Kf2 Re5 45.Rg7 b5 46.
Rd7+ Kc5 47.e7 Kb6 48.Kf3 c5 49.Kf4 Kc6 50.Ra7 Re1 51.Kf5 b4 52.Kf6 c4 53.
Ra6+ Kd5 54.Ra5+ Kd4 55.Ra4 Rxe7 56.Kxe7 Kc5 57.Ra5+ Kd4 58.Rb5 b3 59.cxb3
cxb3 60.Rb4+ 1/2-1/2

[Event "14th EUR-ch"]
[Site "Legnica POL"]
[Date "2013.05.07"]
[Round "3"]
[White "Antal, Tibor Kende"]
[Black "Deac, Bogdan-Daniel"]
[Result "1/2-1/2"]
[WhiteElo "2349"]
[BlackElo "2183"]
[EventDate "2013.05.05"]
[PlyCount "94"]

1.e4 c6 2.Nc3 d5 3.Nf3 Bg4 4.h3 Bxf3 5.Qxf3 e6 6.d4 dxe4 7.Nxe4 Qxd4 8.c3 
Qd5 9.Be3 Qf5 10.Qxf5 exf5 11.Ng3 Nd7 12.Nxf5 g6 13.Ng3 Ngf6 14.O-O-O Bc5 
15.Bxc5 Nxc5 16.Re1+ Kf8 17.Bc4 Rd8 18.Kc2 Rd7 19.b4 Na4 20.Ne4 Nxe4 21.
Rxe4 Nb6 22.Bb3 Kg7 23.Rhe1 Rhd8 24.R1e2 Nc8 25.a4 Kf8 26.Rf4 Nd6 27.g4 
Re7 28.Rd2 Red7 29.Rfd4 Ke7 30.f3 b6 31.a5 Rc7 32.g5 c5 33.bxc5 Rxc5 34.
axb6 axb6 35.f4 Nb7 36.Re4+ Kf8 37.Rxd8+ Nxd8 38.Kd3 Nc6 39.Ba4 Ne7 40.c4 
Nf5 41.Re8+ Kg7 42.Bb5 Nd6 43.Re5 h6 44.Kd4 Nf5+ 45.Ke4 Nd6+ 46.Kd4 Nf5+ 
47.Ke4 Nd6+ 1/2-1/2

[Event "14th EUR-ch"]
[Site "Legnica POL"]
[Date "2013.05.07"]
[Round "3"]
[White "Pogosian, Vladimir"]
[Black "Buchal, Stephan"]
[Result "1-0"]
[WhiteElo "2132"]
[BlackElo "2315"]
[EventDate "2013.05.05"]
[PlyCount "103"]

1.c4 g6 2.Nc3 Bg7 3.d4 d6 4.e4 Nf6 5.Be2 O-O 6.h4 c5 7.d5 e6 8.h5 exd5 9.
exd5 a6 10.Be3 b5 11.cxb5 axb5 12.Nxb5 Re8 13.hxg6 fxg6 14.Nh3 Ne4 15.Qb3 
Qa5+ 16.Kd1 Nd7 17.Ng5 Nxg5 18.Bxg5 Ba6 19.Bc4 Rab8 20.Bd2 Qd8 21.a4 Ne5 
22.Be2 Nf7 23.Bg4 Bc8 24.Be6 Qf6 25.Re1 Bxe6 26.dxe6 Ne5 27.f4 Nc6 28.Rb1 
Nd4 29.Qd5 Nxb5 30.axb5 Rxb5 31.e7+ Kh8 32.Re6 Qh4 33.Qxd6 Rb7 34.Qc6 Qg4+
35.Kc1 Rbb8 36.Re1 Rbc8 37.Qd5 Bf6 38.Ra1 Kg7 39.Ra6 Bd4 40.b3 Qh4 41.Qd7 
Qg3 42.Kc2 Qxg2 43.f5 Qf2 44.fxg6 c4 45.bxc4 Rxc4+ 46.Kd3 Rc3+ 47.Bxc3 
Bxc3 48.Qxe8 Qd2+ 49.Kc4 Qd4+ 50.Kb5 Qd5+ 51.Kb6 Bd4+ 52.Kc7 1-0

[Event "14th EUR-ch"]
[Site "Legnica POL"]
[Date "2013.05.07"]
[Round "3"]
[White "Selbes, Tarik"]
[Black "Machan, Jan"]
[Result "1-0"]
[WhiteElo "2314"]
[BlackElo "2173"]
[EventDate "2013.05.05"]
[PlyCount "90"]

1.e4 e6 2.d3 c5 3.Nf3 Nc6 4.g3 d5 5.Qe2 dxe4 6.dxe4 e5 7.c3 Nf6 8.Bg2 Be7 
9.O-O O-O 10.Na3 h6 11.Nc4 Qc7 12.a4 Be6 13.Nfd2 Rfd8 14.f4 Qd7 15.f5 Bxc4
16.Nxc4 Qd3 17.Qxd3 Rxd3 18.Re1 Rad8 19.a5 Rd1 20.Be3 Rxe1+ 21.Rxe1 Ne8 
22.Ra1 f6 23.Bf1 Nc7 24.Kf2 Rb8 25.Kf3 Kf8 26.g4 b5 27.axb6 axb6 28.h4 b5 
29.Nd2 c4 30.Be2 Ra8 31.Rb1 Na6 32.b3 b4 33.cxb4 Naxb4 34.Bxc4 Nc2 35.Bf2 
Ra2 36.Nf1 Bb4 37.Ne3 N2d4+ 38.Kg3 Na5 39.Rd1 Rb2 40.Nd5 Nxc4 41.bxc4 Bc5 
42.Bxd4 Bxd4 43.Nc7 Bf2+ 44.Kf3 Ke7 45.h5 Ba7 1-0

[Event "14th EUR-ch"]
[Site "Legnica POL"]
[Date "2013.05.07"]
[Round "3"]
[White "Rindlisbacher, Lars"]
[Black "Krnic, Ivan"]
[Result "1/2-1/2"]
[WhiteElo "2312"]
[BlackElo "2166"]
[EventDate "2013.05.05"]
[PlyCount "97"]

1.e4 g6 2.d4 Bg7 3.Nc3 d6 4.Bg5 c5 5.Nf3 cxd4 6.Nxd4 Qa5 7.Be3 Nf6 8.f3 
Nc6 9.Nb3 Qd8 10.Qd2 Be6 11.O-O-O Rc8 12.Nd5 O-O 13.Kb1 Ne5 14.Qb4 Nxd5 
15.exd5 Bf5 16.Nd4 Qc7 17.Qb3 Bd7 18.Nb5 Bxb5 19.Bxb5 a6 20.Be2 b5 21.h4 
Nc4 22.Bc1 a5 23.Bd3 a4 24.Qb4 a3 25.bxa3 Qa7 26.c3 Ra8 27.a4 Qxa4 28.Qxa4
Rxa4 29.Bc2 Ra7 30.Rd3 Rc8 31.Bb3 Rac7 32.Re1 Ne5 33.Rde3 Rxc3 34.Rxc3 
Rxc3 35.Bb2 Rc7 36.Bxe5 Bxe5 37.h5 Kg7 38.hxg6 hxg6 39.Rc1 Rc5 40.a4 bxa4 
41.Rxc5 dxc5 42.Bxa4 Kh6 43.g4 Kg5 44.Be8 f6 45.Kc2 c4 46.Bf7 c3 47.Kd3 f5
48.gxf5 Kxf5 49.Be8 1/2-1/2

[Event "14th EUR-ch"]
[Site "Legnica POL"]
[Date "2013.05.07"]
[Round "3"]
[White "Golub, Dan"]
[Black "Gebigke, Martin"]
[Result "1-0"]
[WhiteElo "2305"]
[BlackElo "2158"]
[EventDate "2013.05.05"]
[PlyCount "77"]

1.e4 c5 2.Nc3 d6 3.f4 g6 4.Nf3 Bg7 5.Bb5+ Bd7 6.Bc4 Nc6 7.d3 Na5 8.Bb3 e6 
9.O-O Ne7 10.Qe1 Nxb3 11.axb3 O-O 12.Be3 b6 13.d4 Bc6 14.Rd1 Qc8 15.Qh4 f6
16.Nd2 cxd4 17.Bxd4 d5 18.Qh3 e5 19.Qxc8 Rfxc8 20.fxe5 fxe5 21.Bf2 d4 22.
Ncb1 Bb5 23.Rfe1 Bh6 24.Nf3 Nc6 25.c3 dxc3 26.bxc3 Rd8 27.c4 Ba6 28.Nc3 
Na5 29.Nd5 Bb7 30.Bh4 Rf8 31.Nxe5 Bxd5 32.cxd5 Nxb3 33.d6 g5 34.Bf2 Nc5 
35.Bxc5 bxc5 36.d7 Bg7 37.Nc6 Bf6 38.e5 Bd8 39.e6 1-0

[Event "14th EUR-ch"]
[Site "Legnica POL"]
[Date "2013.05.07"]
[Round "3"]
[White "Ulanowski, Karol"]
[Black "Gaehwiler, Gabriel"]
[Result "1-0"]
[WhiteElo "2091"]
[BlackElo "2288"]
[EventDate "2013.05.05"]
[PlyCount "61"]

1.e4 c5 2.Nf3 d6 3.d4 cxd4 4.Nxd4 Nf6 5.Nc3 a6 6.Bg5 Nbd7 7.Qf3 g6 8.O-O-O
Bg7 9.h4 O-O 10.Be2 Qc7 11.h5 Ne5 12.Qg3 Nc6 13.Bxf6 exf6 14.hxg6 hxg6 15.
Nxc6 bxc6 16.Bc4 Rd8 17.Qxg6 d5 18.Qh7+ Kf8 19.Bb3 a5 20.Rd3 f5 21.Rg3 
Qf4+ 22.Kb1 Bxc3 23.bxc3 a4 24.exd5 Ke7 25.Re3+ Kd6 26.Rh6+ Kc7 27.Rxc6+ 
Kb8 28.Rc4 Qxf2 29.Qh2+ f4 30.Rxf4 Rh8 31.Rb4+ 1-0

[Event "14th EUR-ch"]
[Site "Legnica POL"]
[Date "2013.05.07"]
[Round "3"]
[White "Makolli, Perparim"]
[Black "Wenzel, Birger"]
[Result "1-0"]
[WhiteElo "2286"]
[BlackElo "2110"]
[EventDate "2013.05.05"]
[PlyCount "53"]

1.e4 d5 2.exd5 Qxd5 3.Nc3 Qd6 4.d4 Nf6 5.Nf3 c6 6.Ne5 Nbd7 7.Nc4 Qc7 8.Qf3
Nb6 9.Bf4 Qd7 10.Nxb6 axb6 11.Be5 Qf5 12.O-O-O Qxf3 13.gxf3 Be6 14.a3 Nd5 
15.Ne4 b5 16.h4 f6 17.Bg3 b4 18.axb4 Nxb4 19.c4 g6 20.Kd2 Bh6+ 21.Kc3 Na2+
22.Kc2 Nb4+ 23.Kb3 Na2 24.Nc5 Bf5 25.Be2 b6 26.Ne4 Kf7 27.Ra1 1-0

[Event "14th EUR-ch"]
[Site "Legnica POL"]
[Date "2013.05.07"]
[Round "3"]
[White "Chubar, Vladimir"]
[Black "Ivic, Mateo"]
[Result "1/2-1/2"]
[WhiteElo "2053"]
[BlackElo "2278"]
[EventDate "2013.05.05"]
[PlyCount "102"]

1.d4 Nf6 2.Nf3 g6 3.g3 Bg7 4.Bg2 O-O 5.O-O d6 6.Nc3 c6 7.e4 Nbd7 8.h3 Qc7 
9.a4 e5 10.Be3 b6 11.Qd2 Re8 12.Rad1 Ba6 13.Rfe1 Rad8 14.Bg5 Nf8 15.dxe5 
dxe5 16.Qc1 Ne6 17.Bxf6 Bxf6 18.b4 Nd4 19.Qb2 Bc8 20.Nh2 Be6 21.Nf1 Bg5 
22.Ne3 f5 23.exf5 gxf5 24.b5 Bf6 25.bxc6 e4 26.Nb5 Qg7 27.Nxd4 Bxd4 28.Qb5
Bxe3 29.Rxd8 Bxf2+ 30.Kxf2 Rxd8 31.Qb4 Rd4 32.Qc3 Rc4 33.Qxg7+ Kxg7 34.Re2
Rxc6 35.g4 Rc4 36.gxf5 Bxf5 37.a5 bxa5 38.Ke3 a4 39.Rd2 a3 40.Rd5 Ra4 41.
Rxf5 a2 42.Rf1 a1=Q 43.Rxa1 Rxa1 44.Bxe4 h6 45.c4 Kf6 46.Kd4 Ke6 47.Kc5 
Kd7 48.Kb5 Kc7 49.h4 Re1 50.Bg6 Re5+ 51.Ka4 h5 1/2-1/2

[Event "14th EUR-ch"]
[Site "Legnica POL"]
[Date "2013.05.07"]
[Round "3"]
[White "Pavlicek, Miroslav"]
[Black "Minko, Vladimir"]
[Result "0-1"]
[WhiteElo "2014"]
[BlackElo "2268"]
[EventDate "2013.05.05"]
[PlyCount "64"]

1.e4 c5 2.Nf3 e6 3.d4 cxd4 4.Nxd4 Nc6 5.c3 Qc7 6.g3 a6 7.Bg2 b5 8.O-O Bb7 
9.a4 b4 10.Nxc6 Bxc6 11.cxb4 Qb7 12.Bd2 Nf6 13.Nc3 Bxb4 14.Re1 O-O 15.Qe2 
d6 16.Rad1 Nd7 17.Na2 Bc5 18.b4 Ba7 19.a5 Bb5 20.Qg4 Ne5 21.Qh4 Nd3 22.Re3
Bxe3 23.Bxe3 Qc7 24.Rd2 Rac8 25.Bf1 Ne5 26.Qh5 Bxf1 27.Kxf1 Nc4 28.Re2 
Nxe3+ 29.Rxe3 Qc4+ 30.Re2 Qd3 31.b5 Rc2 32.Nb4 Qd1+ 0-1

[Event "14th EUR-ch"]
[Site "Legnica POL"]
[Date "2013.05.07"]
[Round "3"]
[White "Curic, Drazen"]
[Black "Pappelis, Dimitrios"]
[Result "0-1"]
[WhiteElo "2258"]
[BlackElo "2055"]
[EventDate "2013.05.05"]
[PlyCount "74"]

1.c4 e6 2.e3 d5 3.b3 Nf6 4.Bb2 c5 5.Nf3 Nc6 6.d3 d4 7.exd4 cxd4 8.a3 a5 9.
Be2 e5 10.O-O Bd6 11.Nbd2 O-O 12.Re1 Bf5 13.Bf1 Re8 14.Qc2 Nd7 15.Ne4 Bxe4
16.Rxe4 f5 17.Ree1 Nc5 18.g3 Bc7 19.Rad1 Qd6 20.Bg2 Rad8 21.Ng5 e4 22.dxe4
Qg6 23.Nf3 d3 24.Qb1 fxe4 25.Nh4 Qh5 26.Bc3 Be5 27.Bxe5 Rxe5 28.b4 axb4 
29.axb4 Nd4 30.bxc5 Ne2+ 31.Rxe2 Qxe2 32.Bf1 Qc2 33.Qa1 Rxc5 34.Rc1 Qd2 
35.Bh3 e3 36.fxe3 Qxe3+ 37.Kh1 d2 0-1

[Event "14th EUR-ch"]
[Site "Legnica POL"]
[Date "2013.05.07"]
[Round "3"]
[White "Wolff, Peter"]
[Black "Musialkiewicz, Jan"]
[Result "0-1"]
[WhiteElo "1962"]
[BlackElo "2256"]
[EventDate "2013.05.05"]
[PlyCount "114"]

1.c4 c5 2.g3 Nc6 3.Bg2 g6 4.Nc3 Bg7 5.Nf3 e5 6.O-O Nge7 7.a3 O-O 8.Rb1 a5 
9.d3 d6 10.e3 f5 11.Nd5 h6 12.Nd2 Be6 13.b3 Rb8 14.Bb2 b5 15.Qc2 Qd7 16.f4
b4 17.a4 Rbe8 18.Rbe1 Kh7 19.Kf2 Bg8 20.Kg1 Qa7 21.Kh1 Bh8 22.Rg1 Qd7 23.
Qc1 Nxd5 24.cxd5 Ne7 25.fxe5 Nxd5 26.e4 Ne7 27.exd6 Bxb2 28.Qxb2 Qxd6 29.
Nc4 Qxd3 30.Rd1 Qc3 31.Qxc3 bxc3 32.Rc1 fxe4 33.Nd6 Rb8 34.Nxe4 Rxb3 35.
Rxc3 c4 36.Rgc1 Rxc3 37.Nxc3 Rb8 38.Rc2 Nf5 39.Bd5 Ne3 40.Bxg8+ Kxg8 41.
Rc1 Rb2 42.Ne4 Ra2 43.Nc3 Rd2 44.Kg1 Kg7 45.Ne4 Rg2+ 46.Kh1 Ra2 47.Nc3 Rd2
48.Kg1 g5 49.Ne4 Rg2+ 50.Kh1 Ra2 51.Nc3 Rd2 52.Kg1 Kg6 53.Re1 Rd3 54.Rc1 
Kf5 55.h3 Ke5 56.Kf2 Rxc3 57.Rxc3 Nd1+ 0-1

[Event "14th EUR-ch"]
[Site "Legnica POL"]
[Date "2013.05.07"]
[Round "3"]
[White "Sahitaj, Naim"]
[Black "Zemlicka, Vit"]
[Result "1-0"]
[WhiteElo "2256"]
[BlackElo "2049"]
[EventDate "2013.05.05"]
[PlyCount "103"]

1.Nf3 Nf6 2.b3 g6 3.Bb2 Bg7 4.e4 d6 5.Qe2 e5 6.d3 c6 7.Nbd2 a5 8.a4 Qc7 9.
g3 O-O 10.Bg2 Re8 11.O-O Nbd7 12.Nh4 Nc5 13.Rab1 Ne6 14.Nc4 Bd7 15.Ba3 Bf8
16.f4 exf4 17.gxf4 Nh5 18.f5 Nef4 19.Qf2 g5 20.Nf3 h6 21.Rbe1 Rad8 22.Qb6 
Qxb6+ 23.Nxb6 Nxg2 24.Kxg2 Nf4+ 25.Kg3 Bc8 26.Kg4 f6 27.Rg1 d5 28.Bxf8 
Kxf8 29.h4 dxe4 30.dxe4 Kg7 31.hxg5 hxg5 32.Rh1 Rh8 33.Rxh8 Rxh8 34.e5 
fxe5 35.Nxg5 Kf6 36.Ne4+ Ke7 37.Ng5 Kf6 38.Ne4+ Ke7 39.Ng5 Kf6 40.Nxc8 
Rxc8 41.Rh1 Rg8 42.Rh6+ Kg7 43.Rh7+ Kf8 44.Rf7+ Ke8 45.Rxb7 Nd5 46.Rb8+ 
Ke7 47.Rxg8 Nf6+ 48.Kf3 Nxg8 49.Ke4 Kf6 50.Nf3 Ne7 51.Nxe5 Nxf5 52.Nxc6 
1-0

[Event "14th EUR-ch"]
[Site "Legnica POL"]
[Date "2013.05.07"]
[Round "3"]
[White "Svana, Peter"]
[Black "Guzewicz, Rafal"]
[Result "0-1"]
[WhiteElo "2255"]
[BlackElo "1942"]
[EventDate "2013.05.05"]
[PlyCount "114"]

1.d4 d5 2.c4 c6 3.Nc3 dxc4 4.a4 Nf6 5.Nf3 Na6 6.e3 Be6 7.Ne5 Nb4 8.Nxc4 
Bf5 9.Na3 e5 10.Be2 exd4 11.exd4 Be7 12.O-O O-O 13.Bf4 Re8 14.Bg3 h6 15.
Rc1 Bd6 16.Qb3 Bxg3 17.hxg3 a5 18.Bc4 Bg6 19.Rfd1 Ng4 20.Ne2 Nd5 21.Qf3 
Qg5 22.Bxd5 Qh5 23.Qxg4 Qxg4 24.Bf3 Qd7 25.Nc4 Qe7 26.Ne5 Bf5 27.Nf4 Rad8 
28.g4 Be6 29.Nxe6 Qxe6 30.Be2 Rxd4 31.Rxd4 Qxe5 32.Rd2 Qf4 33.Rcd1 Qxa4 
34.Bf3 Qb4 35.g3 g6 36.Kg2 Kg7 37.Rd7 Qxb2 38.Rc7 Qb3 39.Rdd7 Rb8 40.Bd1 
Qc4 41.Be2 Qe4+ 42.Bf3 Qe6 43.Re7 Qf6 44.Bd1 Kf8 45.Red7 Rd8 46.Rxb7 Rxd7 
47.Rxd7 c5 48.Ra7 Qb6 49.Ra8+ Ke7 50.Bf3 c4 51.Rc8 Qd4 52.Rc7+ Kf6 53.Be2 
c3 54.Bc4 Ke5 55.Bxf7 Kd6 56.Rc8 Kd7 57.Rc4 Qxc4 0-1

[Event "14th EUR-ch"]
[Site "Legnica POL"]
[Date "2013.05.07"]
[Round "3"]
[White "Nikolaidis, Konstantinos"]
[Black "Skytte, Torill"]
[Result "1-0"]
[WhiteElo "2238"]
[BlackElo "1922"]
[EventDate "2013.05.05"]
[PlyCount "117"]

1.e4 e6 2.d4 d5 3.Nd2 c5 4.Ngf3 a6 5.exd5 exd5 6.c3 Nf6 7.Bd3 Nc6 8.dxc5 
Bxc5 9.O-O O-O 10.Nb3 Ba7 11.h3 h6 12.Re1 Re8 13.Bf4 b5 14.Nbd4 Nxd4 15.
Nxd4 Bb7 16.Nf5 Rxe1+ 17.Qxe1 Ne4 18.Be3 Bxe3 19.Qxe3 Qf6 20.Nd4 Nc5 21.
Re1 Nxd3 22.Qxd3 Rd8 23.a3 Bc8 24.Qg3 Bf5 25.Qf4 Be4 26.Qxf6 gxf6 27.f3 
Bg6 28.Nc6 Rd6 29.Re8+ Kg7 30.Nd4 Bd3 31.Kf2 Bb1 32.Re1 Bg6 33.Re8 Bb1 34.
Ke3 Bg6 35.Kd2 Bb1 36.Re1 Bg6 37.Re8 Bb1 38.Ra8 Bg6 39.Rc8 Bb1 40.Kc1 Bd3 
41.Kd2 Bb1 42.Rc6 Rxc6 43.Nxc6 Ba2 44.Nb4 Bc4 45.Nxa6 f5 46.Ke3 Kf6 47.Nc5
Ba2 48.Kf4 Bb1 49.b3 Ba2 50.a4 bxa4 51.bxa4 Bc4 52.a5 Bb5 53.a6 Bc6 54.a7 
Ke7 55.Na4 Kd6 56.Nb6 Kc7 57.a8=Q Bxa8 58.Nxa8+ Kb7 59.Kxf5 1-0

[Event "14th EUR-ch"]
[Site "Legnica POL"]
[Date "2013.05.07"]
[Round "3"]
[White "Simeonidis, Ioannis"]
[Black "Zahariev, Ognyan"]
[Result "1-0"]
[WhiteElo "2237"]
[BlackElo "1913"]
[EventDate "2013.05.05"]
[PlyCount "67"]

1.e4 c5 2.Nf3 Nc6 3.Bb5 g6 4.Bxc6 bxc6 5.O-O Bg7 6.Re1 d5 7.d3 Nf6 8.Qe2 
Nd7 9.c4 Bb7 10.Nc3 d4 11.Na4 e5 12.b3 h6 13.Ba3 Bf8 14.Rf1 Be7 15.Kh1 g5 
16.Ng1 Kf8 17.Qf3 Bd6 18.Ne2 Kg8 19.Ng3 Bf8 20.Nf5 Qf6 21.g3 Re8 22.Kg2 h5
23.h4 g4 24.Qe2 Rh7 25.f3 gxf3+ 26.Rxf3 Qg6 27.Qd2 Nb6 28.Bxc5 Nxa4 29.
Bxf8 Kxf8 30.Qb4+ c5 31.Qxb7 Qb6 32.Qd7 Nc3 33.Nd6 Re7 34.Qc8+ 1-0